000 00636nam a2200241Ia 4500
003 OSt
005 20220928112330.0
006 a|||||r|||| 00| 0
007 ta
008 220927b |||||||| |||| 00| 0 eng d
024 _a37027
037 _cTextual
040 _aSDCL
_cSDCL
_beng
041 _2eng
_aeng
082 _aX0aW, P9
100 _aDunn Bill
_9427490
245 0 _aGlobal political economy
_bA marxist critique
260 _aLondon
_bPluto Press
_c2009
300 _aix,370p
_ccm.
650 _aGlobal Politics
_9427491
942 _hX0aW, P9
_cTEXL
_2CC
999 _c744296
_d744296